R6 - Real Names of the Operators (Y1 to Y11S1) - Statistics

General Stats
  • This quiz has been taken 10 times
  • The average score is 24 of 75
Answer Stats
Operators Real Name % Correct
Twitch Emmanuelle Pichon
100%
Montagne Gilles Touré
100%
Thatcher Mike Baker
100%
Nokk [REDACTED]
100%
Solid Snake [REDACTED]
100%
Zero Samuel Leo Fisher
100%
Buck Sebastien Côté
100%
Maestro Adriano Martello
50%
Solis Ana Valentina Díaz
50%
Thorn Brianna Skehan
50%
Goyo César Ruiz Hernández
50%
Warden Collinn McKinley
50%
Blackbeard Craig Jenson
50%
Bandit Dominic Brunsmeier
50%
Mira Elena María Álvarez
50%
Fenrir Emil Svensson
50%
Maverick Erik Thorn
50%
Deimos Gerald Morris
50%
Dokkaebi Grace Nam
50%
Doc Gustave Kateb
50%
Ace Håvard Haugland
50%
Tubarão Isaac Nunes Oliveira
50%
Kali Jaimini Kalimohan Shah
50%
Smoke James Porter
50%
Thermite Jordan Trace
50%
Rook Julien Nizan
50%
Denari Leon Winzenried
50%
Jäger Marius Streicher
50%
Echo Masaru Enatsu
50%
Kapkan Maxim Basuda
50%
IQ Monika Weiss
50%
Clash Morowa Evans
50%
Brava Nayara Cardoso
50%
Iana Nienke Meijer
50%
Lion Olivier Flament
50%
Nomad Sanaa El Maktoub
50%
Flores Santiago Miguel Lucero
50%
Caveira Taina Pereira
50%
Gridlock Tori Tallyo Fairous
50%
Capitão Vicente Souza
50%
Tachanka Alexsandr Senaviev
0%
Osa Anja Katarina Janković
0%
Aruni Apha Tawanroong
0%
Alibi Aria de Luca
0%
Amaru Azucena Rocío Quispe
0%
Ram Bo-Ram Choi
0%
Grim Charlie Tho Keng Boon
0%
Vigil Chul Kyung Hwa
0%
Blitz Elias Kötz
0%
Ash Eliza Cohen
0%
Ela Elżbieta Bosak
0%
Rauora Hāpai Iwini
0%
Pulse Jack Estrada
0%
Kaid Jalal El Fassi
0%
Azami Kana Fujiwara
0%
Skopо́s Kure Galanos
0%
Finka Lera Melnikova
0%
Lesion Liu Tze Long
0%
Mute Mark R. Chandar
0%
Mozzie Max Goose
0%
Valkyrie Meghan J. Castellano
0%
Castle Miles Campbell
0%
Thunderbird Mina Sky
0%
Sens Néon Ngoma Mutombo
0%
Wamai Ngũgĩ Muchoki Furaha
0%
Jackal Ryad Ramírez Al-Hassar
0%
Oryx Saif Al Hadid
0%
Sledge Seamus Cowden
0%
Fuze Shuhrat Kessikbayev
0%
Ying Siu Mei Lin
0%
Melusi Thandiwe Ndlovu
0%
Glaz Timur Glazkov
0%
Frost Tina Lin Tsang
0%
Hibana Yumiko Imagawa
0%
Zofia Zofia Bosak
0%
No matching quizzes found
Score Distribution
Percent of People with Each Score
Percentile by Number Answered
Your Score History
You have not taken this quiz